000 00768cam a2200241 a 4500
001 000010382
005 20200929162227.0
008 971120s1997 ck b 001 f spa d
035 _a(DLC) 97217530
035 _a(OCoLC)37830757
040 _aDO-SdBNP
_cNYP
_dBNPHU
082 _aV861.44
_bP293s
100 1 _aPastori, Luis,
_d1921-
_925393
245 1 0 _aSonetos intemporales :
_b99 sonetos de amor /
_cLuis Pastori.
260 _aSantafé de Bogotá :
_bInstituto Caro y Cuervo,
_c1997.
300 _a146 p. ;
_c21 cm.
490 1 _a"La granada entreabierta"
_v83
650 4 _aPoesía venezolana.
_94230
650 4 _aLiteratura venezolana
_93816
830 0 _a"La granada entreabierta" ;
_v83
_925394
910 _aCatalogación por copia / LC
049 _aBNGR
999 _c10141
_d10141